000 00926nam a2200229Ia 4500
003 OSt
005 20250702125747.0
008 191128t1997 mx er 000 f spa d
020 _a9684321937
040 _aCO-JMCR
_cCO-JMCR
041 0 _aspa
082 0 4 _aA-P
_bPOEp1
245 0 0 _aPoema del mío cid /
_cversión antigua con prologo y versión moderna de Amancio Bolaños e Isla
250 _aVigesimosegunda edición
260 _aMéxico :
_bPorrúa,
_c©1997.
300 _axxiv, 279 páginas ;
_c22 cm.
490 0 _aSepan cuantos ;
_v85
520 3 _a "El texto está dividido en tres partes: Cantar del destierro; Cantar de las bodas y Cantar de la afrenta de Corpes. Las características del héroe corresponden a los de la épica caballeresca, religiosa, nacionalista y guerrera".
650 1 4 _aPoesía épica española.
_99438
700 1 _aBolaño e Isla, Amancio,
_epróloguista
_99437
942 _2ddc
_cBK
999 _c3600
_d3600